|
|
|
|
| LEADER |
00712nab a2200205 i 4500 |
| 001 |
publ30472 |
| 005 |
20250206130459.0 |
| 008 |
250206s2008 hu o 000 hun d |
| 022 |
|
|
|a 0133-1973
|
| 024 |
7 |
|
|a 1964727
|2 mtmt
|
| 040 |
|
|
|a SZTE Publicatio Repozitórium
|b hun
|
| 041 |
|
|
|a hun
|
| 100 |
1 |
|
|a Varga Beáta
|
| 245 |
1 |
0 |
|a Diabetes mellitusban szenvedő betegek gondozása és egészségnevelése a háziorvosok szemszögéből
|h [elektronikus dokumentum] /
|c Varga Beáta
|
| 260 |
|
|
|c 2008
|
| 300 |
|
|
|a 243-247
|
| 490 |
0 |
|
|a MEDICUS UNIVERSALIS
|v 41 No. 5
|
| 650 |
|
4 |
|a Klinikai orvostan
|
| 700 |
0 |
1 |
|a Hajnal Ferenc
|e aut
|
| 856 |
4 |
0 |
|u http://publicatio.bibl.u-szeged.hu/30472/1/aok_klny_610_08.pdf
|z Dokumentum-elérés
|